A szervezeti motiváció kapcsolata a sport motivációs tényezőivel

Bibliográfiai részletek
Szerző: Doroszlai Vanda Zsanett
További közreműködők: Krajcsák Dr Zoltán
Lukács-Szalkay Petra
Dokumentumtípus: Diplomadolgozat
Kulcsszavak:Motiváció
Elégedettség
Elkötelezettség
Online Access:http://dolgozattar.uni-bge.hu/20201

MARC

LEADER 00000nta a2200000 i 4500
001 dolg20201
005 20200325133753.0
008 190502suuuu hu om 000 hun d
040 |a BGE Dolgozattár Repozitórium  |b hun 
041 |a hu 
100 1 |a Doroszlai Vanda Zsanett 
245 1 2 |a A szervezeti motiváció kapcsolata a sport motivációs tényezőivel  |c Doroszlai Vanda Zsanett  |h [elektronikus dokumentum] 
695 |a Motiváció 
695 |a Elégedettség 
695 |a Elkötelezettség 
700 1 |a Krajcsák Dr Zoltán  |e ths 
700 1 |a Lukács-Szalkay Petra  |e ths 
856 4 0 |u http://dolgozattar.uni-bge.hu/20201/1/Doroszlai_Vanda_szakdolgozat.pdf  |z Dokumentum-elérés 
856 4 0 |u http://dolgozattar.uni-bge.hu/20201/7/Titkosit%C3%A1si%20k%C3%A9relem%20-%20Doroszlai%20Vanda%20Zsanett.pdf  |z Dokumentum-elérés